Southville International School and Colleges
Your cart is empty.
  • Cart
  • Lists
    Public lists Eva Luna New books Lux_list list_1
    Your lists Log in to create your own lists
  • Log in to your account
  • Your cookies
  • Search history
Southville International School and Colleges
  • Advanced search
  • Recent comments
  • Most popular
  • Libraries

Log in to your account

Log in with GOOGLE


If you do not have an external account, but do have a local account, you can still log in:

  1. Home
  2. MARC view: Christianity and academic performance /
Normal view MARC view ISBD view

Christianity and academic performance / (Record no. 98858)

[ view plain ]
MARC details
000 -LEADER
fixed length control field 00847nam a2200229 a 4500
003 - CONTROL NUMBER IDENTIFIER
control field 0
005 - DATE AND TIME OF LATEST TRANSACTION
control field 20250210154041.0
008 - FIXED-LENGTH DATA ELEMENTS--GENERAL INFORMATION
fixed length control field 130126s19uu xx 00 eng d
050 ## - LIBRARY OF CONGRESS CALL NUMBER
Classification number PHS BR 115.E3
Item number .M972 2012
100 ## - MAIN ENTRY--PERSONAL NAME
Personal name Murata, Masahiro
245 ## - TITLE STATEMENT
Title Christianity and academic performance /
Statement of responsibility, etc Masahiro Murata.
260 ## - PUBLICATION, DISTRIBUTION, ETC. (IMPRINT)
Place of publication, distribution, etc Las Piñas City, Philippines :
Name of publisher, distributor, etc Southville International School and Colleges,
Date of publication, distribution, etc 2012.
300 ## - PHYSICAL DESCRIPTION
Extent 17 pages :
Other physical details illustrations ;
Dimensions 28 cm.
504 ## - BIBLIOGRAPHY, ETC. NOTE
Bibliography, etc Includes bibliographical references.
650 ## - SUBJECT ADDED ENTRY--TOPICAL TERM
Topical term or geographic name as entry element Academic performance
General subdivision Analysis.
650 ## - SUBJECT ADDED ENTRY--TOPICAL TERM
Topical term or geographic name as entry element Christianity
General subdivision Influence.
650 ## - SUBJECT ADDED ENTRY--TOPICAL TERM
Topical term or geographic name as entry element Christianity
General subdivision Influence on education.
650 ## - SUBJECT ADDED ENTRY--TOPICAL TERM
Topical term or geographic name as entry element Academic achievement
General subdivision Religious aspects
Form subdivision Christianity.
650 ## - SUBJECT ADDED ENTRY--TOPICAL TERM
Topical term or geographic name as entry element Religious education
General subdivision Academic performance.
650 ## - SUBJECT ADDED ENTRY--TOPICAL TERM
Topical term or geographic name as entry element Students
General subdivision Religious life.
942 ## - ADDED ENTRY ELEMENTS (KOHA)
Source of classification or shelving scheme Library of Congress Classification
Koha item type PASS
Holdings
Withdrawn status Lost status Source of classification or shelving scheme Damaged status Home library Current library Shelving location Date acquired Source of acquisition Total Checkouts Full call number Barcode Date last seen Price effective from Koha item type
    Library of Congress Classification   Luxembourg Library Luxembourg Library Portfolio Assessment of SISC Students Section 01/26/2013 Donation   PHS BR 115.E3 .M972 2012 P2959 11/19/2019 04/08/2014 PASS

Christianity and academic performance /

APA

Murata M., . (2012). Christianity and academic performance. Las Piñas City, Philippines: Southville International School and Colleges.

Chicago

Murata Masahiro, . 2012. Christianity and academic performance. Las Piñas City, Philippines: Southville International School and Colleges.

Harvard

Murata M., . (2012). Christianity and academic performance. Las Piñas City, Philippines: Southville International School and Colleges.

MLA

Murata Masahiro, . Christianity and academic performance. Las Piñas City, Philippines: Southville International School and Colleges. 2012.

  • Print
  • Cite
  • Add to your cart (remove)
  • Save record
    BIBTEX Dublin Core MARCXML MARC (non-Unicode/MARC-8) MARC (Unicode/UTF-8) MARC (Unicode/UTF-8, Standard) MODS (XML) RIS
  • More searches
    Search for this title in:
    Other Libraries (WorldCat) Other Databases (Google Scholar) Online Stores (Bookfinder.com) Open Library (openlibrary.org)

Exporting to Dublin Core...

SOUTHVILLE LIBRARY

Southville International School and Colleges Library

1281 Tropical Ave. Cor. Luxembourg St., BF Homes International, Las Pinas City

Tel. No. 8256374 / 252358 Loc. 117/146

Powered by Koha